| 000 | 00408nam a22001697a 4500 | ||
|---|---|---|---|
| 005 | 20160630101702.0 | ||
| 008 | 160630b xxu||||| |||| 00| 0 eng d | ||
| 020 | _a81-85749-63-9 | ||
| 041 | _aeng | ||
| 082 | _b19173 | ||
| 100 |
_aUpadhyay, A K _93267 |
||
| 245 | _aTransportation Engineering | ||
| 260 |
_bS.K. Kataria & Sons _c2011 |
||
| 300 | _a346 | ||
| 650 |
_aDiploma Engineering _9817 |
||
| 942 | _cBK | ||
| 999 |
_c4840 _d4838 |
||